LIBRARY & INFORMATION CENTRE, KCAET, TAVANUR

ONLINE PUBLIC ACCESS CATALOGUE (OPAC)

Achievement of T.S Eliot: An essay on the nature of poetry / (Record no. 8645)

MARC details
000 -LEADER
fixed length control field 00407cam a2200145ua 4500
041 ## - LANGUAGE CODE
Language code of text/sound track or separate title eng
082 ## - DEWEY DECIMAL CLASSIFICATION NUMBER
Classification number 828.09
Item number MAT/AC
100 ## - MAIN ENTRY--AUTHOR NAME
Personal name Matthiesson, F.O .
245 ## - TITLE STATEMENT
Title Achievement of T.S Eliot: An essay on the nature of poetry /
260 ## - PUBLICATION, DISTRIBUTION, ETC. (IMPRINT)
Place of publication New York :
Name of publisher Oxford University Press ,
Year of publication 1963.
300 ## - PHYSICAL DESCRIPTION
Number of Pages 248 ; .
942 ## - ADDED ENTRY ELEMENTS (KOHA)
Koha item type Books
Holdings
Withdrawn status Lost status Damaged status Home library Current library Date acquired Cost, normal purchase price Full call number Accession Number Koha item type Public note
Withdrawn     KAUAET Malayalam University 07/04/2012 12.60 828.09 6558 Books Transferred to Malayalam University
free website counter